Conversations that get results and inspire collaboration . (Record no. 350280)
[ view plain ]
| 000 -LEADER | |
|---|---|
| fixed length control field | 02231cam a2200349 i 4500 |
| 001 - CONTROL NUMBER | |
| control field | 17634289 |
| 003 - CONTROL NUMBER IDENTIFIER | |
| control field | OSt |
| 005 - DATE AND TIME OF LATEST TRANSACTION | |
| control field | 20180116183011.0 |
| 008 - FIXED-LENGTH DATA ELEMENTS--GENERAL INFORMATION | |
| fixed length control field | 130222s2013 nyua 000 0 eng |
| 010 ## - LIBRARY OF CONGRESS CONTROL NUMBER | |
| LC control number | 2013002283 |
| 020 ## - INTERNATIONAL STANDARD BOOK NUMBER | |
| International Standard Book Number | 9780071805933 (alk. paper) |
| 020 ## - INTERNATIONAL STANDARD BOOK NUMBER | |
| International Standard Book Number | 0071805931 (alk. paper) |
| 040 ## - CATALOGING SOURCE | |
| Original cataloging agency | DLC |
| Language of cataloging | eng |
| Transcribing agency | DLC |
| Description conventions | rda |
| Modifying agency | DLC |
| 042 ## - AUTHENTICATION CODE | |
| Authentication code | pcc |
| 050 00 - LIBRARY OF CONGRESS CALL NUMBER | |
| Classification number | HD30.3 |
| Item number | H3873 2013 |
| 082 00 - DEWEY DECIMAL CLASSIFICATION NUMBER | |
| Classification number | 650.13 |
| Edition number | 23 |
| 100 1# - MAIN ENTRY--PERSONAL NAME | |
| Personal name | Hayashi, Shawn Kent. |
| 245 10 - TITLE STATEMENT | |
| Title | Conversations that get results and inspire collaboration . |
| Remainder of title | engage your team, your peers, and your manager to take action . |
| Statement of responsibility, etc. | Shawn Kent Hayashi. |
| 260 ## - PUBLICATION, DISTRIBUTION, ETC. | |
| Place of publication, distribution, etc. | New York |
| Name of publisher, distributor, etc. | McGraw Hill. |
| Date of publication, distribution, etc. | 2013. |
| 300 ## - PHYSICAL DESCRIPTION | |
| Extent | x, 277 pages : |
| Other physical details | illustrations ; |
| Dimensions | 23 cm |
| 500 ## - GENERAL NOTE | |
| General note | Paper Cover |
| 505 0# - FORMATTED CONTENTS NOTE | |
| Formatted contents note | Acknowledgments -- Preface -- The foundation for successful collaboration -- Knowing what you want to create -- People reading : communication styles -- People reading : motivators -- People reading : emotional intelligence -- Tying people reading together -- The building blocks for successful collaborations that get results -- Deep listening -- Relationship and group dynamics that impact collaboration -- Storytelling -- When conflict stops progress : creating more effective conversations that -- Relationship buildingationships application exercise -- Having the necessary conversations and getting the collaboration you -- The 12 conversations and how to use them to collaborate -- Conversation for connection -- Conversation for creating new possibilities -- Conversation for structure -- Conversation for commitment -- Conversation for action -- Conversation for accountability -- Conversation for conflict resolution -- Conversation for breakdown -- Conversation for withdrawal and disengagement -- Conversation for change -- Conversation for appreciation -- Conversation for moving on. |
| 600 ## - SUBJECT ADDED ENTRY--PERSONAL NAME | |
| Personal name | Hayashi, Shawn Kent. |
| 650 #0 - SUBJECT ADDED ENTRY--TOPICAL TERM | |
| Topical term or geographic name entry element | Communication in management. |
| 650 #0 - SUBJECT ADDED ENTRY--TOPICAL TERM | |
| Topical term or geographic name entry element | Interpersonal communication. |
| 650 #0 - SUBJECT ADDED ENTRY--TOPICAL TERM | |
| Topical term or geographic name entry element | Teams in the workplace. |
| 650 #0 - SUBJECT ADDED ENTRY--TOPICAL TERM | |
| Topical term or geographic name entry element | Leadership. |
| 700 ## - ADDED ENTRY--PERSONAL NAME | |
| Personal name | Hayashi, Shawn Kent. |
| 906 ## - LOCAL DATA ELEMENT F, LDF (RLIN) | |
| a | 7 |
| b | cbc |
| c | orignew |
| d | 1 |
| e | ecip |
| f | 20 |
| g | y-gencatlg |
| 942 ## - ADDED ENTRY ELEMENTS (KOHA) | |
| Source of classification or shelving scheme | |
| Koha item type | Book |
| Call number prefix | 650.13 |
| Withdrawn status | Lost status | Source of classification or shelving scheme | Damaged status | Not for loan | Collection code | Permanent Location | Current Location | Shelving location | Date acquired | Total Checkouts | Full call number | Barcode | Date last seen | Price effective from | Koha item type |
|---|---|---|---|---|---|---|---|---|---|---|---|---|---|---|---|
| Central Library (CL) | Central Library (CL) | General Stacks | 09/08/2015 | 650.13 HAY | NBS9394 | 09/08/2015 | 09/08/2015 | Book |
